Kompendium Unsur Nadir Bumi (REE) (Record no. 27143)

000 -LEADER
fixed length control field 00635nam a22001577a 4500
003 - CONTROL NUMBER IDENTIFIER
control field OSt
005 - DATE AND TIME OF LATEST TRANSACTION
control field 20260304092149.0
008 - FIXED-LENGTH DATA ELEMENTS--GENERAL INFORMATION
fixed length control field 260224b ||||| |||| 00| 0 eng d
020 ## - INTERNATIONAL STANDARD BOOK NUMBER
International Standard Book Number 978-629-94399-1-2
040 ## - CATALOGING SOURCE
Language of cataloging Mal
Transcribing agency Jabatan Mineral dan Geosains Malaysia
100 ## - MAIN ENTRY--PERSONAL NAME
Personal name P.Geol.Abdul Hadi b Abdul Rahman,P.Geol.Mahat b Hj Sibon,P.Geol.Zaki b Alias,P.Geol.Khairul Nazri b Hj Yaakub,P.Geol Fakhruddin Afif b Fauzi,PGeol.Ledyhernando Taniou,P.Geol.Arda Anasha bt Jamil
245 ## - TITLE STATEMENT
Title Kompendium Unsur Nadir Bumi (REE)
264 ## - PRODUCTION, PUBLICATION, DISTRIBUTION, MANUFACTURE, AND COPYRIGHT NOTICE
Place of production, publication, distribution, manufacture Putrajaya
Name of producer, publisher, distributor, manufacturer Jabatan Mineral dan Geosains Malaysia
Date of production, publication, distribution, manufacture, or copyright notice 2025
300 ## - PHYSICAL DESCRIPTION
Extent ill95p .:15.21cm
942 ## - ADDED ENTRY ELEMENTS (KOHA)
Source of classification or shelving scheme
Koha item type Books
Holdings
Withdrawn status Lost status Source of classification or shelving scheme Damaged status Not for loan Permanent Location Current Location Date acquired Total Checkouts Date last seen Price effective from Koha item type
Available         BPT BPT 24/02/2026   24/02/2026 24/02/2026 Books